Представление документа в формате RUSMARC

ПолеНазваниеЗначение
  Тип записи a
  Библиографический уровень a
001 Контрольный номер RU/CBS_Ul/BASE/502371078
005 Дата корректировки 20240209175153.5
100 Данные общей обработки __
a Данные общей обработки 20151202d2015 ||| 0rusy0189 ca
101 Язык документа 0_
a Язык текста rus
102 Страна публикации __
a Страна публикации RU
105 Кодированные данные (монография) __
a Кодированные данные (монография) y###||||000|y
200 Заглавие и сведения об ответственности 1_
a Заглавие Чайковский: верхние ноты высокой моды
b Общее обозначение материала Текст
e Сведения, относящиеся к заглавию [необычный взгляд на великого композитора]
f Первые сведения об ответственности О. Хорошилова
300 Общие примечания __
a Общие примечания Ограничения по возрасту - 12+
461 Уровень набора _0
1 2000
a Родина
463 Уровень физической единицы _0
1 001RU/CBS_Ul/BASE/501693201
1 2000
a № 6
v С. 82-85 : фото
1 210
d 2015
600 Персоналии _0
a Персоналии (Фамилия) Чайковский
b Персоналии (Имя, инициалы) П. И.
606 Тематические рубрики 0_
a Основная рубрика Чайковский, Петр Ильич (1840-1893)
610 Ключевые слова 0_
a Ключевые слова композиторы
a Ключевые слова музыка
a Ключевые слова мода
a Ключевые слова одежда
a Ключевые слова дирижеры
686 Индексы других классификаций __
a Классификационный индекс 85.313(2)
2 Код системы ББК
700 Автор _1
a Фамилия Хорошилова
b Имя (инициалы) О.
801 Источник записи _0
a Страна RU
b Организация МБУК ЦБС г. Ульяновска
c Дата составления 20151202
g Правила каталогизации RCR
801 Источник записи _1
a Страна RU
b Организация МБУК ЦБС г. Ульяновска
c Дата составления 20151202
g Правила каталогизации RCR
901 Тип документа __
t Тип документа b
w Контрольный № источника RU/CBS_Ul/BASE/501693201
910 Корректоры записи __
a Корректор записи Асеева
938 Служебная информация __
a Имя БД period